Catalog

Record Details

Catalog Search



People of the masks #10/ Kathleen O'Neal Gear & W. ... Read More

Gear, W. Michael.(Added Author).

Available copies

  • 3 of 3 copies available at LARL/NWRL Consortium.

Current holds

0 current holds with 3 total copies.

Show Only Available Copies
Location Call Number / Copy Notes Barcode Shelving Location Status Due Date
Greenbush Public Library GEA (Text) 35500002593778 Main Available -
Roseau Public Library GEA (Text) 35500002606943 Main Available -
Thief River Falls Public Library GEA (Text) 35500002594909 Main Available -

Record details

  • ISBN: 0312858574 (alk. paper)
  • Physical Description: 416 p. : maps ; 25 cm.
  • Publisher: New York : Forge, 1998.

Content descriptions

General Note:
"A Tom Doherty Associates book."
Subject: Prehistoric peoples > New York (State) > Fiction.
Prehistoric peoples > Ontario > Fiction.
Genre: Historical fiction.
LDR 01286cam a2200337Ia 4500
00124443
003LARL_NWRL_CONSORTIUM
00519981028163238.0
008980609s1998 nyu 000 1 eng
020 . ‡a0312858574 (alk. paper)
035 . ‡a(OCoLC)39281802
043 . ‡an-us-ny ‡an-cn-on
08200. ‡a813/.54 ‡221
099 . ‡aGea
1001 . ‡aGear, Kathleen O'Neal. ‡0(LARL_NWRL_CONSORTIUM)106622
24510. ‡aPeople of the masks ‡n#10/ ‡cKathleen O'Neal Gear & W. Michael Gear.
260 . ‡aNew York : ‡bForge, ‡c1998.
300 . ‡a416 p. : ‡bmaps ; ‡c25 cm.
4900 . ‡aFirst North Americans ; ‡v10
500 . ‡a"A Tom Doherty Associates book."
650 0. ‡aPrehistoric peoples ‡zNew York (State) ‡vFiction.
650 0. ‡aPrehistoric peoples ‡zOntario ‡vFiction.
655 7. ‡aHistorical fiction. ‡2gsafd
7001 . ‡aGear, W. Michael. ‡0(LARL_NWRL_CONSORTIUM)106621
901 . ‡a24443 ‡bOCLC ‡c24443 ‡tbiblio

Additional Resources